000 00356pab a2200157 454500
008 180718b2014 xxu||||| |||| 00| 0 eng d
100 _aBammi, Ruchika
245 _aSHG bank linkage: Lending a helping hand?
260 _c2014
300 _ap.237-244.
362 _aSep
650 _aSelf help
773 _aVision
908 _aN
909 _a106050
999 _c106045
_d106045